00835nam a2200193 a 450000100060000000300090000600800410001504000280005608200160008410000500010024500920015026000390024230000080028150502240028965000330051365000310054665000350057765000290061222500CO-ViMGA141112s2004 ck r 000 u spa d aCO-ViMGAbspacCO-ViMGA04a362.5 C656h1 aColombia Ministerio de la proteccion social, 10a¿Ha mejorado el acceso a la salud? Evaluacion de los procesos del regímen subsidiado aBogotá : bel ministerio, c2007 a630 aAvances y dificultades del sistema de salud para los pobres 25 - 67 - - Identifica el sisben alos pobres? El proceso de focalizacion en la salud 73 - 157 - - La vision de la poblacion sobre el sistema de salud 167 223 14aACCESO A LA SALUD - COLOMBIA14aATENCION MEDICA - COLOMBIA14aREGIMEN SUBSIDIADO EN LA SALUD14aSALUD PUBLICA - COLOMBIA